| 000 | 00613nam a22001817a 4500 | ||
|---|---|---|---|
| 005 | 20251108171921.0 | ||
| 008 | 250721s2003 xx 000 0 ara d | ||
| 082 | 1 | 4 | _a371.2/سلا |
| 100 | 1 |
_aسلامة، ياسر خالد _eمؤلف |
|
| 245 | 1 | 0 |
_aالإدارة المدرسية الحديثة : _bمهاراتها و معاييرها و المدير الفعال و إختراع القيادة / |
| 264 | 1 |
_aعمان : _bعالم الثقافة، _c2003. |
|
| 300 | _a224ص | ||
| 650 | 1 | 7 | _aالإدارة |
| 650 | 1 | 7 | _aالمدارس |
| 650 | 1 | 7 | _aالقيادة |
| 942 |
_2ddc _cBK |
||
| 999 |
_c65895 _d65895 |
||